World soil resources reports; N95 Proceedings of a Subregional Workshop held in Bridgetown, Barbados 2-4 October 2000

Spremljeno u:
Bibliografski detalji
Glavni autor: FAO
Format: Knjiga
Jezik:Undetermined
Izdano: Rome FAO 2001
Teme:
Oznake: Dodaj oznaku
Bez oznaka, Budi prvi tko označuje ovaj zapis!
Thư viện lưu trữ: Trung tâm Học liệu Trường Đại học Cần Thơ
LEADER 00510nam a2200181Ia 4500
001 CTU_47975
008 210402s9999 xx 000 0 und d
082 |a 631 
082 |b W927/N95 
100 |a FAO 
245 0 |a World soil resources reports; N95 
245 0 |b Proceedings of a Subregional Workshop held in Bridgetown, Barbados 2-4 October 2000 
245 0 |c FAO 
260 |a Rome 
260 |b FAO 
260 |c 2001 
650 |a soil science 
980 |a Trung tâm Học liệu Trường Đại học Cần Thơ